000 00324nam a2200133Ia 4500
008 150301s2015 xx 000 0 und d
082 _a661.8
_bP13B
100 _aANIL BHANDARI
245 _aTB OF PHARMACEUTICAL ORGANIC CHEMISTRY
260 _bCBS- DELHI
300 _a167
650 _aORGANIC CHEMISTRY
942 _2ddc
_cBK
999 _c7171
_d7171